| 000 | 00658nam a2200229 a 4500 | ||
|---|---|---|---|
| 008 | |||
| 020 | _a0409901016 (hbk.) | ||
| 049 | _aMAIN | ||
| 090 | 0 | _aTJ179 LYO | |
| 100 | 1 | _aLyon, Richard H. | |
| 245 | 1 | 0 |
_aMachinery noise and diagnostics / _cby Richard H. Lyon. |
| 260 |
_aBoston : _bButterworths, _c1987. |
||
| 300 |
_ax, 299 p. : _bill. ; _c25 cm. |
||
| 500 | _aIncludes index. | ||
| 504 | _aIncludes bibliographical references: p.291. | ||
| 650 | 0 |
_aMachinery _xNoise. |
|
| 907 |
_a.b10138092 _b26-01-07 _c05-10-04 |
||
| 003 | |||
| 005 | 20230123134334.0 | ||
| 040 | _cNUST | ||
| 942 |
_cBOOKS _kTJ179 LYO |
||
| 999 |
_c164187 _d164187 |
||